000 00304nam a2200145Ia 4500
100 _aWeber/Joseph L
942 _cBK
654 _aComputer
245 _aUsing Java 2 Platform
260 _bPrentice Hall
_c1998
082 _a005.133'J'
_bWEB
300 _a1414
546 _aENGLISH
999 _c22883
_d22883